[Event "22nd ETCC Women 2019"]
[Site "Batumi"]
[Date "2019.10.27"]
[Round "4.10"]
[White "Rogule, Laura"]
[Black "Franciskovic, Borka"]
[Result "1-0"]
[WhiteElo "2269"]
[BlackElo "2262"]
[Annotator "NA"]
[PlyCount "113"]
[EventDate "2019.10.24"]
[EventType "team-tourn"]
[EventCountry "GEO"]
[SourceTitle "playchess.com"]
[Source "ChessBase"]
[SourceQuality "1"]
[WhiteTeam "Latvia"]
[BlackTeam "Croatia"]
[WhiteTeamCountry "LAT"]
[BlackTeamCountry "CRO"]
[TimeControl "40/5400+30:1800+30"]

1. c4 {[%emt 0:00:00]} c5 {[%emt 0:00:00]} 2. Nc3 {[%emt 0:00:00]} Nf6 {[%emt 0:00:00]} 3. g3 {[%emt 0:02:11]} e6 {[%emt 0:00:43]} 4. Nf3 {[%emt 0:01:13]} Nc6 {[%emt 0:01:38]} 5. Bg2 {[%emt 0:01:36]} Be7 {[%emt 0:00:57]} 6. O-O {[%emt 0:01:10]} a6 {[%emt 0:01:54]} 7. d4 {[%emt 0:05:49]} cxd4 {[%emt 0:00:17]} 8. Nxd4 {[%emt 0:00:06]} Qc7 {[%emt 0:00:23]} 9. b3 {[%emt 0:03:48]} O-O {[%emt 0:01:18]} 10. Bb2 {[%emt 0:01:23]} d6 {[%emt 0:08:42]} 11. Rc1 {[%emt 0:09:33]} Ne5 {[%emt 0:02:27]} 12. h3 {[%emt 0:14:12]} Bd7 {[%emt 0:05:36]} 13. f4 {[%emt 0:09:56]} Ng6 {[%emt 0:02:30]} 14. e4 {[%emt 0:03:00]} Rac8 {[%emt 0:09:27]} 15. Kh2 {[%emt 0:08:14]} Qb8 {[%emt 0:03:27]} 16. a4 {[%emt 0:03:02]} Rfd8 {[%emt 0:14:19]} 17. Rc2 {[%emt 0:02:38]} Bf8 {[%emt 0:07:59]} 18. Rd2 {[%emt 0:05:44]} Be7 {[%emt 0:03:43]} 19. Qe2 {[%emt 0:02:54]} Qc7 {[%emt 0:04:21]} 20. Rfd1 {[%emt 0:09:06]} Bf8 {[%emt 0:08:41]} 21. Nf3 {[%emt 0:02:58]} Bc6 {[%emt 0:03:29]} 22. Qe3 {[%emt 0:01:55]} b6 {[%emt 0:03:39]} 23. Nd4 {[%emt 0:00:58]} Ba8 {[%emt 0:04:19]} 24. Kh1 {[%emt 0:01:22]} Re8 {[%emt 0:00:42]} 25. Nc2 {[%emt 0:03:41]} Bb7 {[%emt 0:02:16]} 26. Kh2 {[%emt 0:03:03]} Rcd8 {[%emt 0:01:42]} 27. Ba3 {[%emt 0:01:46]} Ba8 {[%emt 0:04:12]} 28. Bb4 {[%emt 0:01:20]} Qb8 {[%emt 0:01:52]} 29. Qe2 {[%emt 0:00:47]} Qc7 {[%emt 0:00:50]} 30. Qe3 {[%emt 0:00:24]} Qb8 {[%emt 0:01:02]} 31. Rd3 {[%emt 0:00:11]} Bc6 {[%emt 0:01:29]} 32. Qd2 {[%emt 0:00:36]} Qa8 {[%emt 0:00:35]} 33. Qe2 {[%emt 0:00:45]} Qb8 {[%emt 0:00:35]} 34. Ba3 {[%emt 0:00:38]} h5 {[%emt 0:01:02]} 35. Nd4 {[%emt 0:00:36]} Bb7 {[%emt 0:00:19]} 36. Nf3 {[%emt 0:00:17]} Qc7 {[%emt 0:00:43]} 37. Bc1 {[%emt 0:00:19]} Nd7 {[%emt 0:00:29]} 38. Ng5 {[%emt 0:00:42]} Be7 {[%emt 0:00:42]} 39. Qxh5 {[%emt 0:00:35]} Bxg5 {[%emt 0:00:13]} 40. Qxg5 {[%emt 0:00:00]} Nc5 {[%emt 0:00:00]} 41. Ba3 {[%emt 0:18:50]} Nxd3 {[%emt 0:13:28]} 42. Rxd3 {[%emt 0:00:03]} Nf8 {[%emt 0:00:51]} 43. Qg4 {[%emt 0:04:40]} Rd7 {[%emt 0:11:50]} 44. Bb2 {[%emt 0:01:25]} f6 {[%emt 0:00:43]} 45. Ba3 {[%emt 0:00:23]} Red8 {[%emt 0:02:17]} 46. h4 {[%emt 0:00:46]} Rf7 {[%emt 0:02:20]} 47. Qd1 {[%emt 0:00:44]} Rfd7 {[%emt 0:00:36]} 48. f5 {[%emt 0:04:50]} exf5 {[%emt 0:00:47]} 49. exf5 {[%emt 0:00:12]} Bxg2 {[%emt 0:00:23]} 50. Kxg2 {[%emt 0:00:05]} Qb7+ {[%emt 0:00:41]} 51. Kh3 {[%emt 0:00:33]} Re7 {[%emt 0:01:59]} 52. Nd5 {[%emt 0:00:25]} Re5 {[%emt 0:00:29]} 53. Qg4 {[%emt 0:00:28]} Kf7 {[%emt 0:00:25]} 54. Bb2 {[%emt 0:01:26]} Re1 {[%emt 0:00:35]} 55. Bxf6 {[%emt 0:02:25]} gxf6 {[%emt 0:00:51]} 56. Qh5+ {[%emt 0:00:44]} Kg7 {[%emt 0:00:37]} 57. Rd4 {[%emt 0:00:17]} 1-0

[Event "22nd ETCC Women 2019"]
[Site "Batumi"]
[Date "2019.10.27"]
[Round "4.11"]
[White "Danielian, Elina"]
[Black "Matnadze, Ana"]
[Result "0-1"]
[WhiteElo "2385"]
[BlackElo "2383"]
[Annotator "NA"]
[PlyCount "76"]
[EventDate "2019.10.24"]
[EventType "team-tourn"]
[EventCountry "GEO"]
[SourceTitle "playchess.com"]
[Source "ChessBase"]
[SourceQuality "1"]
[WhiteTeam "Armenia"]
[BlackTeam "Spain"]
[WhiteTeamCountry "ARM"]
[BlackTeamCountry "ESP"]
[TimeControl "40/5400+30:1800+30"]

1. d4 {[%emt 0:00:00]} Nf6 {[%emt 0:00:00]} 2. Nc3 {[%emt 0:00:00]} d5 {[%emt 0:00:40]} 3. Bf4 {[%emt 0:00:00]} c6 {[%emt 0:01:21]} 4. e3 {[%emt 0:08:25]} Bf5 {[%emt 0:01:13]} 5. f3 {[%emt 0:01:44]} h5 {[%emt 0:07:42]} 6. Bd3 {[%emt 0:04:08]} e6 {[%emt 0:00:52]} 7. Nge2 {[%emt 0:06:38]} h4 {[%emt 0:02:17]} 8. e4 {[%emt 0:06:51]} dxe4 {[%emt 0:03:50]} 9. fxe4 {[%emt 0:00:04]} Bg4 {[%emt 0:00:43]} 10. h3 {[%emt 0:06:09]} Bxe2 {[%emt 0:03:12]} 11. Bxe2 {[%emt 0:00:27]} Bb4 {[%emt 0:01:53]} 12. Bf3 {[%emt 0:02:37]} Qa5 {[%emt 0:03:06]} 13. O-O {[%emt 0:02:57]} Nbd7 {[%emt 0:07:31]} 14. e5 {[%emt 0:05:08]} Bxc3 {[%emt 0:07:06]} 15. exf6 {[%emt 0:03:59]} g5 {[%emt 0:03:44]} 16. Bh2 {[%emt 0:08:00]} Bxb2 {[%emt 0:03:48]} 17. Rb1 {[%emt 0:00:03]} Qc3 {[%emt 0:01:28]} 18. Kh1 {[%emt 0:05:12]} Nb6 {[%emt 0:01:46]} 19. Qe2 {[%emt 0:02:28]} Rd8 {[%emt 0:30:27]} 20. Qe5 {[%emt 0:10:30]} Ba3 {[%emt 0:10:49]} 21. Qxg5 {[%emt 0:07:33]} Bd6 {[%emt 0:02:17]} 22. Bxd6 {[%emt 0:07:57]} Rxd6 {[%emt 0:00:02]} 23. a4 {[%emt 0:00:07]} Qc4 {[%emt 0:02:26]} 24. a5 {[%emt 0:01:47]} Nd5 {[%emt 0:01:47]} 25. Qe5 {[%emt 0:01:41]} Kd7 {[%emt 0:01:54]} 26. Bxd5 {[%emt 0:01:46]} cxd5 {[%emt 0:00:31]} 27. Rxb7+ {[%emt 0:00:18]} Kc6 {[%emt 0:00:01]} 28. Rfb1 {[%emt 0:00:31]} Qa6 {[%emt 0:00:22]} 29. c4 {[%emt 0:01:42]} Rc8 {[%emt 0:00:54]} 30. c5 {[%emt 0:01:37]} Rd7 {[%emt 0:00:01]} 31. R1b6+ {[%emt 0:01:44]} axb6 {[%emt 0:00:02]} 32. Rxd7 {[%emt 0:00:33]} Qf1+ {[%emt 0:00:29]} 33. Kh2 {[%emt 0:00:01]} Kb5 {[%emt 0:01:40]} 34. Rb7 {[%emt 0:03:09]} Kc4 {[%emt 0:00:34]} 35. Rxb6 {[%emt 0:00:20]} Qf2 {[%emt 0:00:23]} 36. Rb8 {[%emt 0:00:50]} Qg3+ {[%emt 0:00:17]} 37. Qxg3 {[%emt 0:01:01]} hxg3+ {[%emt 0:00:01]} 38. Kxg3 {[%emt 0:00:04]} Rxb8 {[%emt 0:00:04]} 0-1

[Event "22nd ETCC Women 2019"]
[Site "Batumi"]
[Date "2019.10.27"]
[Round "4.11"]
[White "Medic, Mirjana"]
[Black "Berzina, Ilze"]
[Result "1/2-1/2"]
[WhiteElo "2163"]
[BlackElo "2216"]
[Annotator "NA"]
[PlyCount "124"]
[EventDate "2019.10.24"]
[EventType "team-tourn"]
[EventCountry "GEO"]
[SourceTitle "playchess.com"]
[Source "ChessBase"]
[SourceQuality "1"]
[WhiteTeam "Croatia"]
[BlackTeam "Latvia"]
[WhiteTeamCountry "CRO"]
[BlackTeamCountry "LAT"]
[TimeControl "40/5400+30:1800+30"]

1. d4 {[%emt 0:00:00]} d5 {[%emt 0:00:00]} 2. c4 {[%emt 0:00:05]} c6 {[%emt 0:00:00]} 3. Nf3 {[%emt 0:00:22]} Nf6 {[%emt 0:00:00]} 4. e3 {[%emt 0:00:17]} Bf5 {[%emt 0:00:19]} 5. Nc3 {[%emt 0:00:08]} e6 {[%emt 0:00:21]} 6. Nh4 {[%emt 0:00:25]} Be4 {[%emt 0:00:21]} 7. f3 {[%emt 0:00:16]} Bg6 {[%emt 0:00:11]} 8. Qb3 {[%emt 0:00:24]} Qc7 {[%emt 0:00:31]} 9. Bd2 {[%emt 0:00:14]} Be7 {[%emt 0:01:59]} 10. g3 {[%emt 0:02:04]} Bh5 {[%emt 0:01:34]} 11. cxd5 {[%emt 0:06:50]} Nxd5 {[%emt 0:05:23]} 12. Be2 {[%emt 0:06:46]} Bxh4 {[%emt 0:10:04]} 13. gxh4 {[%emt 0:00:02]} Ne7 {[%emt 0:02:04]} 14. O-O-O {[%emt 0:07:21]} Nf5 {[%emt 0:01:46]} 15. Ne4 {[%emt 0:00:44]} Nxh4 {[%emt 0:10:04]} 16. Qxb7 {[%emt 0:18:07]} Qxb7 {[%emt 0:00:13]} 17. Nd6+ {[%emt 0:00:02]} Kd7 {[%emt 0:03:16]} 18. Nxb7 {[%emt 0:00:02]} Kc8 {[%emt 0:12:23]} 19. Nc5 {[%emt 0:01:54]} Bxf3 {[%emt 0:01:04]} 20. Bxf3 {[%emt 0:00:06]} Nxf3 {[%emt 0:00:08]} 21. Ba5 {[%emt 0:00:25]} Nh4 {[%emt 0:06:16]} 22. Rhf1 {[%emt 0:02:54]} Nf5 {[%emt 0:00:53]} 23. e4 {[%emt 0:00:20]} Nd6 {[%emt 0:01:43]} 24. Rd3 {[%emt 0:14:36]} Nd7 {[%emt 0:02:14]} 25. Bb4 {[%emt 0:00:21]} Rb8 {[%emt 0:32:07]} 26. Ba3 {[%emt 0:04:23]} Nxc5 {[%emt 0:00:30]} 27. dxc5 {[%emt 0:03:33]} Nc4 {[%emt 0:00:45]} 28. Rg3 {[%emt 0:01:58]} Nxa3 {[%emt 0:00:41]} 29. Rxa3 {[%emt 0:00:22]} Rb7 {[%emt 0:00:16]} 30. Raf3 {[%emt 0:03:28]} f6 {[%emt 0:00:25]} 31. Kc2 {[%emt 0:04:37]} Rd8 {[%emt 0:01:07]} 32. Kc3 {[%emt 0:03:30]} e5 {[%emt 0:00:33]} 33. Rg1 {[%emt 0:01:32]} Rd4 {[%emt 0:01:17]} 34. Re3 {[%emt 0:00:30]} a5 {[%emt 0:00:39]} 35. b3 {[%emt 0:00:33]} a4 {[%emt 0:02:10]} 36. h3 {[%emt 0:04:25]} h6 {[%emt 0:01:16]} 37. Kc2 {[%emt 0:00:22]} axb3+ {[%emt 0:00:30]} 38. axb3 {[%emt 0:00:02]} Ra7 {[%emt 0:00:31]} 39. Reg3 {[%emt 0:02:07]} Rdd7 {[%emt 0:01:43]} 40. Kc3 {[%emt 0:00:00]} Kd8 {[%emt 0:00:00]} 41. Rd3 {[%emt 0:02:29]} Rxd3+ {[%emt 0:01:01]} 42. Kxd3 {[%emt 0:00:02]} Rd7+ {[%emt 0:00:15]} 43. Kc3 {[%emt 0:00:09]} g5 {[%emt 0:05:59]} 44. h4 {[%emt 0:04:15]} Rd4 {[%emt 0:01:15]} 45. hxg5 {[%emt 0:01:07]} hxg5 {[%emt 0:00:10]} 46. Re1 {[%emt 0:07:39]} Kd7 {[%emt 0:00:36]} 47. b4 {[%emt 0:00:29]} Ke6 {[%emt 0:00:45]} 48. Re2 {[%emt 0:00:30]} g4 {[%emt 0:00:44]} 49. Re1 {[%emt 0:01:01]} g3 {[%emt 0:02:46]} 50. Rg1 {[%emt 0:00:39]} Rxe4 {[%emt 0:00:07]} 51. Rxg3 {[%emt 0:00:02]} Kd5 {[%emt 0:01:10]} 52. Rf3 {[%emt 0:01:16]} Rf4 {[%emt 0:01:28]} 53. Rd3+ {[%emt 0:00:09]} Rd4 {[%emt 0:00:08]} 54. Rf3 {[%emt 0:00:15]} Ke6 {[%emt 0:01:50]} 55. Rh3 {[%emt 0:00:15]} Rd8 {[%emt 0:02:21]} 56. Kc4 {[%emt 0:04:32]} Rd4+ {[%emt 0:09:28]} 57. Kc3 {[%emt 0:00:07]} Rg4 {[%emt 0:01:27]} 58. Rd3 {[%emt 0:00:42]} e4 {[%emt 0:01:14]} 59. Rd6+ {[%emt 0:00:05]} Ke5 {[%emt 0:00:07]} 60. Rxc6 {[%emt 0:00:05]} e3 {[%emt 0:01:28]} 61. Kd3 {[%emt 0:09:31]} Rxb4 {[%emt 0:00:28]} 62. Kxe3 {[%emt 0:00:02]} Kd5 {[%emt 0:02:37] Ke4+} 1/2-1/2

[Event "22nd ETCC Women 2019"]
[Site "Batumi"]
[Date "2019.10.27"]
[Round "4.12"]
[White "Kolotilina, Liudmila"]
[Black "Sargsyan, Anna M."]
[Result "0-1"]
[WhiteElo "2242"]
[BlackElo "2242"]
[Annotator "NA"]
[PlyCount "76"]
[EventDate "2019.10.24"]
[EventType "team-tourn"]
[EventCountry "GEO"]
[SourceTitle "playchess.com"]
[Source "ChessBase"]
[SourceQuality "1"]
[WhiteTeam "Spain"]
[BlackTeam "Armenia"]
[WhiteTeamCountry "ESP"]
[BlackTeamCountry "ARM"]
[TimeControl "40/5400+30:1800+30"]

1. d4 {[%emt 0:00:00]} d5 {[%emt 0:00:00]} 2. c4 {[%emt 0:00:00]} c6 {[%emt 0:00:03]} 3. Nc3 {[%emt 0:00:00]} Nf6 {[%emt 0:00:07]} 4. Nf3 {[%emt 0:00:01]} dxc4 {[%emt 0:01:02]} 5. a4 {[%emt 0:00:10]} Bf5 {[%emt 0:00:07]} 6. Ne5 {[%emt 0:00:38]} Nbd7 {[%emt 0:00:24]} 7. Nxc4 {[%emt 0:00:16]} Qc7 {[%emt 0:00:49]} 8. g3 {[%emt 0:00:29]} e5 {[%emt 0:00:09]} 9. dxe5 {[%emt 0:00:10]} Nxe5 {[%emt 0:00:06]} 10. Bf4 {[%emt 0:00:22]} Nfd7 {[%emt 0:00:09]} 11. Bg2 {[%emt 0:00:39]} g5 {[%emt 0:00:09]} 12. Bxe5 {[%emt 0:00:31]} Nxe5 {[%emt 0:00:38]} 13. Qd4 {[%emt 0:00:23]} f6 {[%emt 0:02:40]} 14. a5 {[%emt 0:00:41]} Be7 {[%emt 0:04:46]} 15. Nxe5 {[%emt 0:21:20]} fxe5 {[%emt 0:01:00]} 16. Qc4 {[%emt 0:02:06]} Rc8 {[%emt 0:06:09]} 17. O-O {[%emt 0:09:01]} Qd7 {[%emt 0:11:38]} 18. Qb3 {[%emt 0:13:28]} Be6 {[%emt 0:05:47]} 19. Qc2 {[%emt 0:00:03]} O-O {[%emt 0:01:39]} 20. Rad1 {[%emt 0:03:01]} Qc7 {[%emt 0:07:22]} 21. Be4 {[%emt 0:05:37]} Bb4 {[%emt 0:03:27]} 22. Na4 {[%emt 0:06:47]} Qe7 {[%emt 0:04:41]} 23. a6 {[%emt 0:07:48]} bxa6 {[%emt 0:10:33]} 24. Bxc6 {[%emt 0:15:02]} Kh8 {[%emt 0:01:59]} 25. Qe4 {[%emt 0:07:56]} Bf5 {[%emt 0:00:52]} 26. Qg2 {[%emt 0:00:21]} e4 {[%emt 0:03:09]} 27. Bd5 {[%emt 0:00:01]} e3 {[%emt 0:05:51]} 28. f4 {[%emt 0:02:56]} Bc2 {[%emt 0:01:22]} 29. Ra1 {[%emt 0:00:03]} gxf4 {[%emt 0:01:04]} 30. Nc3 {[%emt 0:02:16]} fxg3 {[%emt 0:02:00]} 31. Rxf8+ {[%emt 0:02:18]} Rxf8 {[%emt 0:00:06]} 32. Qxg3 {[%emt 0:00:22]} Bd6 {[%emt 0:00:53]} 33. Qg2 {[%emt 0:00:45]} Bg6 {[%emt 0:01:24]} 34. Rf1 {[%emt 0:00:25]} Rb8 {[%emt 0:09:45]} 35. b3 {[%emt 0:00:03]} Qe5 {[%emt 0:02:24]} 36. Nd1 {[%emt 0:01:09]} Rd8 {[%emt 0:00:26]} 37. Bf3 {[%emt 0:00:22]} Rg8 {[%emt 0:03:04]} 38. Kh1 {[%emt 0:00:01]} Bf5 {[%emt 0:00:23]} 0-1

[Event "22nd ETCC Women 2019"]
[Site "Batumi"]
[Date "2019.10.27"]
[Round "4.12"]
[White "Limanovska, Elizabete"]
[Black "Cvitan, Ena"]
[Result "1/2-1/2"]
[WhiteElo "2186"]
[BlackElo "2182"]
[Annotator "NA"]
[PlyCount "82"]
[EventDate "2019.10.24"]
[EventType "team-tourn"]
[EventCountry "GEO"]
[SourceTitle "playchess.com"]
[Source "ChessBase"]
[SourceQuality "1"]
[WhiteTeam "Latvia"]
[BlackTeam "Croatia"]
[WhiteTeamCountry "LAT"]
[BlackTeamCountry "CRO"]
[TimeControl "40/5400+30:1800+30"]

1. e4 {[%emt 0:00:00]} c6 {[%emt 0:00:00]} 2. Nf3 {[%emt 0:00:00]} d5 {[%emt 0:00:00]} 3. exd5 {[%emt 0:00:00]} cxd5 {[%emt 0:00:08]} 4. Ne5 {[%emt 0:00:06]} Nc6 {[%emt 0:02:59]} 5. d4 {[%emt 0:00:40]} Qb6 {[%emt 0:01:46]} 6. Nc3 {[%emt 0:13:40]} e6 {[%emt 0:10:27]} 7. Bb5 {[%emt 0:07:08]} Bb4 {[%emt 0:08:09]} 8. O-O {[%emt 0:14:06]} Nge7 {[%emt 0:07:44]} 9. a4 {[%emt 0:24:40]} O-O {[%emt 0:03:46]} 10. Ne2 {[%emt 0:01:05]} f6 {[%emt 0:11:58]} 11. Nxc6 {[%emt 0:03:38]} bxc6 {[%emt 0:01:13]} 12. Bd3 {[%emt 0:00:09]} e5 {[%emt 0:02:24]} 13. c3 {[%emt 0:03:25]} Bd6 {[%emt 0:00:27]} 14. b4 {[%emt 0:04:39]} e4 {[%emt 0:03:48]} 15. Bc2 {[%emt 0:02:17]} Qc7 {[%emt 0:01:31]} 16. h3 {[%emt 0:03:50]} Be6 {[%emt 0:05:35]} 17. Ba3 {[%emt 0:03:12]} Qd7 {[%emt 0:03:33]} 18. b5 {[%emt 0:06:17]} Bb8 {[%emt 0:04:51]} 19. bxc6 {[%emt 0:03:57]} Qc7 {[%emt 0:01:38]} 20. Ng3 {[%emt 0:00:05]} Nf5 {[%emt 0:02:38]} 21. Qe1 {[%emt 0:02:32]} Re8 {[%emt 0:01:33]} 22. f4 {[%emt 0:02:02]} Nxg3 {[%emt 0:08:56]} 23. Qxg3 {[%emt 0:00:04]} Qxc6 {[%emt 0:00:38]} 24. a5 {[%emt 0:00:21]} Bd6 {[%emt 0:01:38]} 25. Ba4 {[%emt 0:00:54]} Qxa4 {[%emt 0:00:05]} 26. Bxd6 {[%emt 0:00:03]} Qc6 {[%emt 0:00:35]} 27. f5 {[%emt 0:01:49]} Bd7 {[%emt 0:00:27]} 28. Rae1 {[%emt 0:00:48]} Qc8 {[%emt 0:01:33]} 29. Bc5 {[%emt 0:01:37]} Bxf5 {[%emt 0:01:26]} 30. Re3 {[%emt 0:00:09]} Bg6 {[%emt 0:02:00]} 31. Qf4 {[%emt 0:01:07]} Qa6 {[%emt 0:01:46]} 32. Bb4 {[%emt 0:00:33]} Rac8 {[%emt 0:01:05]} 33. h4 {[%emt 0:00:13]} Kh8 {[%emt 0:01:56]} 34. g4 {[%emt 0:00:31]} h6 {[%emt 0:01:43]} 35. Rf2 {[%emt 0:00:19]} Qc6 {[%emt 0:00:33]} 36. g5 {[%emt 0:01:15]} fxg5 {[%emt 0:00:21]} 37. hxg5 {[%emt 0:00:04]} h5 {[%emt 0:00:32]} 38. Rh3 {[%emt 0:00:48]} Kg8 {[%emt 0:00:42]} 39. Qe3 {[%emt 0:00:40]} Qd7 {[%emt 0:02:23]} 40. Rh4 {[%emt 0:00:00]} Qd8 {[%emt 0:00:00]} 41. Kh1 {[%emt 0:02:38]} Qd7 {[%emt 0:04:38]} 1/2-1/2

[Event "22nd ETCC Women 2019"]
[Site "Batumi"]
[Date "2019.10.27"]
[Round "4.13"]
[White "Atalik, Ekaterina"]
[Black "Ushenina, Anna"]
[Result "1/2-1/2"]
[WhiteElo "2464"]
[BlackElo "2431"]
[Annotator "ChessBase"]
[PlyCount "67"]
[EventDate "2019.10.24"]
[EventType "team-tourn"]
[EventCountry "GEO"]
[SourceTitle "playchess.com"]
[Source "ChessBase"]
[SourceQuality "1"]
[WhiteTeam "Turkey"]
[BlackTeam "Ukraine"]
[WhiteTeamCountry "TUR"]
[BlackTeamCountry "UKR"]
[TimeControl "40/5400+30:1800+30"]

1. Nf3 {[%emt 0:00:00]} d5 {[%emt 0:00:30]} 2. c4 {[%emt 0:00:07]} e6 {[%emt 0:01:34]} 3. e3 {[%emt 0:00:09]} Nf6 {[%emt 0:00:43]} 4. Nc3 {[%emt 0:00:16]} a6 {[%emt 0:00:29]} 5. b3 {[%emt 0:06:21]} c5 {[%emt 0:00:35]} 6. Bb2 {[%emt 0:01:22]} Nc6 {[%emt 0:00:54]} 7. cxd5 {[%emt 0:01:11]} exd5 {[%emt 0:00:15]} 8. d4 {[%emt 0:01:05]} Bg4 {[%emt 0:00:36]} 9. Be2 {[%emt 0:02:48]} Bxf3 {[%emt 0:00:30]} 10. Bxf3 {[%emt 0:00:11]} cxd4 {[%emt 0:00:04]} 11. exd4 {[%emt 0:00:05]} Bb4 {[%emt 0:00:04]} 12. O-O {[%emt 0:02:13]} Bxc3 {[%emt 0:00:15]} 13. Bxc3 {[%emt 0:00:43]} O-O {[%emt 0:00:05]} 14. Qd3 {[%emt 0:00:53]} Qd7 {[%emt 0:15:35]} 15. Rfe1 {[%emt 0:05:42]} Rfe8 {[%emt 0:00:30]} 16. Kf1 {[%emt 0:06:52]} Ng4 {[%emt 0:02:27]} 17. Kg1 {[%emt 0:04:50]} Nf6 {[%emt 0:00:05]} 18. h3 {[%emt 0:09:08]} h6 {[%emt 0:02:19]} 19. Bd2 {[%emt 0:09:54]} Rxe1+ {[%emt 0:12:37]} 20. Rxe1 {[%emt 0:00:28]} Re8 {[%emt 0:00:46]} 21. Be3 {[%emt 0:05:02]} Ne4 {[%emt 0:02:11]} 22. Rc1 {[%emt 0:04:06]} Qd6 {[%emt 0:03:08]} 23. Bg4 {[%emt 0:08:35]} Nf6 {[%emt 0:07:20]} 24. Qd1 {[%emt 0:08:24]} Nxg4 {[%emt 0:02:49]} 25. Qxg4 {[%emt 0:00:12]} Qe6 {[%emt 0:11:42]} 26. Qf3 {[%emt 0:05:45]} Rc8 {[%emt 0:03:50]} 27. Rc5 {[%emt 0:01:46]} Rd8 {[%emt 0:11:03]} 28. g4 {[%emt 0:03:18]} b6 {[%emt 0:03:26]} 29. Rc1 {[%emt 0:00:44]} Rc8 {[%emt 0:00:06]} 30. Qe2 {[%emt 0:03:07]} Nb8 {[%emt 0:00:49]} 31. Rxc8+ {[%emt 0:02:40]} Qxc8 {[%emt 0:00:01]} 32. Qf3 {[%emt 0:01:50]} Qd7 {[%emt 0:00:39]} 33. Kg2 {[%emt 0:01:50]} Nc6 {[%emt 0:00:13]} 34. Qe2 {[%emt 0:03:36]} 1/2-1/2

[Event "22nd ETCC Women 2019"]
[Site "Batumi"]
[Date "2019.10.27"]
[Round "4.13"]
[White "Nazarova, Anastasia"]
[Black "Koridze, Lile"]
[Result "0-1"]
[WhiteElo "2147"]
[BlackElo "1988"]
[Annotator "NA"]
[PlyCount "134"]
[EventDate "2019.10.24"]
[EventType "team-tourn"]
[EventCountry "GEO"]
[SourceTitle "playchess.com"]
[Source "ChessBase"]
[SourceQuality "1"]
[WhiteTeam "Finland"]
[BlackTeam "Georgia"]
[WhiteTeamCountry "FIN"]
[BlackTeamCountry "GEO"]
[TimeControl "40/5400+30:1800+30"]

1. e4 {[%emt 0:00:00]} c5 {[%emt 0:00:00]} 2. Nf3 {[%emt 0:00:00]} Nc6 {[%emt 0:00:00]} 3. d4 {[%emt 0:00:00]} cxd4 {[%emt 0:00:00]} 4. Nxd4 {[%emt 0:00:00]} g6 {[%emt 0:00:12]} 5. c4 {[%emt 0:02:21]} Bg7 {[%emt 0:00:15]} 6. Be3 {[%emt 0:00:05]} d6 {[%emt 0:00:33]} 7. Nc3 {[%emt 0:00:44]} Nf6 {[%emt 0:00:30]} 8. Be2 {[%emt 0:00:08]} O-O {[%emt 0:00:36]} 9. Qd2 {[%emt 0:03:07]} Bd7 {[%emt 0:02:28]} 10. f3 {[%emt 0:04:13]} a6 {[%emt 0:02:16]} 11. Rc1 {[%emt 0:07:51]} Rc8 {[%emt 0:04:50]} 12. O-O {[%emt 0:01:57]} Nxd4 {[%emt 0:11:10]} 13. Bxd4 {[%emt 0:00:11]} Be6 {[%emt 0:00:37]} 14. b3 {[%emt 0:10:57]} Nd7 {[%emt 0:00:32]} 15. Bxg7 {[%emt 0:11:02]} Kxg7 {[%emt 0:00:04]} 16. f4 {[%emt 0:00:04]} Qb6+ {[%emt 0:04:47]} 17. Kh1 {[%emt 0:00:17]} f6 {[%emt 0:07:56]} 18. Bf3 {[%emt 0:07:49]} Qb4 {[%emt 0:08:43]} 19. Qe2 {[%emt 0:12:48]} Bf7 {[%emt 0:10:24]} 20. Bg4 {[%emt 0:04:53]} Rc7 {[%emt 0:07:10]} 21. Bxd7 {[%emt 0:03:46]} Rxd7 {[%emt 0:00:06]} 22. e5 {[%emt 0:01:50]} dxe5 {[%emt 0:09:37]} 23. fxe5 {[%emt 0:00:04]} Qb6 {[%emt 0:07:47]} 24. Ne4 {[%emt 0:11:57]} Bg8 {[%emt 0:02:13]} 25. Rce1 {[%emt 0:06:52]} Be6 {[%emt 0:09:01]} 26. Qf3 {[%emt 0:05:53]} f5 {[%emt 0:01:29]} 27. Ng5 {[%emt 0:02:12]} Rc8 {[%emt 0:03:25]} 28. Qe2 {[%emt 0:01:55]} h6 {[%emt 0:01:43]} 29. Nf3 {[%emt 0:00:07]} Rcd8 {[%emt 0:00:21]} 30. Rc1 {[%emt 0:01:03]} Qc6 {[%emt 0:00:53]} 31. Rfe1 {[%emt 0:00:37]} Rd3 {[%emt 0:00:44]} 32. Qf2 {[%emt 0:00:23]} R8d7 {[%emt 0:01:18]} 33. Qh4 {[%emt 0:00:46]} Rxf3 {[%emt 0:03:37]} 34. gxf3 {[%emt 0:00:23]} Qxf3+ {[%emt 0:00:04]} 35. Kg1 {[%emt 0:00:04]} f4 {[%emt 0:00:38]} 36. Qf2 {[%emt 0:00:49]} Qg4+ {[%emt 0:00:34]} 37. Qg2 {[%emt 0:00:46]} Qf5 {[%emt 0:00:21]} 38. Rcd1 {[%emt 0:00:25]} Rc7 {[%emt 0:00:47]} 39. Rd4 {[%emt 0:00:31]} Bd7 {[%emt 0:00:29]} 40. h3 {[%emt 0:00:00]} f3 {[%emt 0:00:00]} 41. Qf2 {[%emt 0:07:42]} Qxh3 {[%emt 0:02:44]} 42. Rf4 {[%emt 0:08:18]} Bg4 {[%emt 0:05:07]} 43. Rd1 {[%emt 0:08:34]} g5 {[%emt 0:00:47]} 44. Rfd4 {[%emt 0:01:02]} Be6 {[%emt 0:01:33]} 45. Qh2 {[%emt 0:02:02]} Qf5 {[%emt 0:02:00]} 46. Rf1 {[%emt 0:01:56]} Rc5 {[%emt 0:02:19]} 47. Qg3 {[%emt 0:00:43]} Qxe5 {[%emt 0:00:59]} 48. Qxe5+ {[%emt 0:00:17]} Rxe5 {[%emt 0:00:05]} 49. Rxf3 {[%emt 0:00:04]} g4 {[%emt 0:00:30]} 50. Rff4 {[%emt 0:00:42]} Bf5 {[%emt 0:04:16]} 51. Kf2 {[%emt 0:02:19]} h5 {[%emt 0:03:22]} 52. Rd5 {[%emt 0:01:29]} Kf6 {[%emt 0:03:37]} 53. Rfd4 {[%emt 0:01:10]} h4 {[%emt 0:00:44]} 54. Rd8 {[%emt 0:00:23]} Ra5 {[%emt 0:02:12]} 55. a4 {[%emt 0:00:18]} Be6 {[%emt 0:01:38]} 56. Rh8 {[%emt 0:00:49]} Rf5+ {[%emt 0:00:56]} 57. Kg1 {[%emt 0:00:37]} Kg5 {[%emt 0:00:55]} 58. Re4 {[%emt 0:00:09]} Rf6 {[%emt 0:00:42]} 59. Re8 {[%emt 0:00:47]} Kf5 {[%emt 0:00:13]} 60. Re2 {[%emt 0:00:19]} g3 {[%emt 0:03:08]} 61. Rxe7 {[%emt 0:00:18]} Rh6 {[%emt 0:03:04]} 62. Re3 {[%emt 0:01:22]} Rg6 {[%emt 0:00:28]} 63. Re1 {[%emt 0:00:45]} h3 {[%emt 0:00:31]} 64. Rf1+ {[%emt 0:00:15]} Kg4 {[%emt 0:00:31]} 65. Rd1 {[%emt 0:00:44]} Kf3 {[%emt 0:00:45]} 66. Re8 {[%emt 0:00:29]} h2+ {[%emt 0:00:09]} 67. Kh1 {[%emt 0:00:06]} g2+ {[%emt 0:00:04]} 0-1